भगवान महावीर एवं जैन दर्शन / (Record no. 62455)

MARC details
000 -LEADER
fixed length control field 00796nam a22001817a 4500
005 - DATE AND TIME OF LATEST TRANSACTION
control field 2012021008578.0
020 ## - INTERNATIONAL STANDARD BOOK NUMBER
Terms of availability 250.00
International Standard Book Number 8180310809
035 ## - SYSTEM CONTROL NUMBER
System control number B-205845
037 ## - SOURCE OF ACQUISITION
Source of stock number/acquisition
Stock number dpl
082 ## - DEWEY DECIMAL CLASSIFICATION NUMBER
Classification number 181.492
100 ## - MAIN ENTRY--PERSONAL NAME
Personal name जैन, महावीर सरन
245 1# - TITLE STATEMENT
Title भगवान महावीर एवं जैन दर्शन /
Statement of responsibility, etc महावीर सरन जैन
260 ## - PUBLICATION, DISTRIBUTION, ETC. (IMPRINT)
Place of publication, distribution, etc इलाहाबाद
Name of publisher, distributor, etc लोकभारती प्रकाशन
Date of publication, distribution, etc 2006
270 ## - ADDRESS
Address
City
Postal code
Telephone number
300 ## - PHYSICAL DESCRIPTION
Extent 304पृ.
Dimensions 22सेमी (सजिल्द)
942 ## - ADDED ENTRY ELEMENTS (KOHA)
Institution code [OBSOLETE] dpl
Item type Hindi Books
Call number prefix
Source of classification or shelving scheme Dewey Decimal Classification
Classification part 181.492
Call number suffix जैनम
Holdings
Withdrawn status Lost status Not for loan Collection code Home library Current library Date acquired Cost, normal purchase price Full call number Barcode Cost, replacement price Koha item type
      Non-fiction Central Library Central Library 23/02/2021 250.00 181.492 जैनम B-205843 250.00 Hindi Books
      Non-fiction Sarojini Nagar Sarojini Nagar 10/02/2012 250.00 181.492 जैनम B-205845 250.00 Hindi Books

© Delhi Public Library
Hit Counter
free hit counter